| 000 | 00558nam a2200193Ia 4500 | ||
|---|---|---|---|
| 999 |
_c37107 _d37107 |
||
| 003 | OSt | ||
| 005 | 20210127094339.0 | ||
| 008 | 190216s9999||||xx |||||||||||||| ||und|| | ||
| 020 | _a9788189301057 | ||
| 040 | _coclc | ||
| 082 |
_a530 _bSIN/U |
||
| 100 |
_aSingh, N M _98441 |
||
| 245 | 0 |
_aUGC - CSIR - JRF / NET Physical Sciences / _cN M Singh ; Sunil Kushwaha |
|
| 250 | _a2nd Ed. | ||
| 260 |
_bDanika Publishing Company, _c2014. _aNew Delhi: |
||
| 300 | _a503p | ||
| 650 | _aPhysics | ||
| 942 |
_cREF _2ddc _h530 _iSIN/U _k530 _mSIN/U |
||